Fluid mechanics (Record no. 28889)
[ view plain ]
| 000 -LEADER | |
|---|---|
| fixed length control field | 00369nam a2200169Ia 4500 |
| 082 ## - DEWEY DECIMAL CLASSIFICATION NUMBER | |
| Classification number | 532/KAP |
| Item number | KAP |
| 100 ## - MAIN ENTRY--PERSONAL NAME | |
| Personal name | Kapoor/Baljeet S |
| 245 ## - TITLE STATEMENT | |
| Title | Fluid mechanics |
| 260 ## - PUBLICATION, DISTRIBUTION, ETC. | |
| Name of publisher, distributor, etc. | New Age Int (P) Ltd |
| Place of publication, distribution, etc. | Mumbai |
| Date of publication, distribution, etc. | 1998 |
| 366 ## - TRADE AVAILABILITY INFORMATION | |
| Publishers's discount category | 17.5 |
| 300 ## - PHYSICAL DESCRIPTION | |
| Extent | 648 |
| 546 ## - LANGUAGE NOTE | |
| Language note | ENGLISH |
| 650 ## - SUBJECT ADDED ENTRY--TOPICAL TERM | |
| Topical term or geographic name entry element | Fluid Mechanics |
| 654 ## - SUBJECT ADDED ENTRY--FACETED TOPICAL TERMS | |
| Focus term | fluid mechanics |
| 942 ## - ADDED ENTRY ELEMENTS (KOHA) | |
| Koha item type | BOOK |
| Withdrawn status | Lost status | Damaged status | Not for loan | Collection | Home library | Current library | Date acquired | Source of acquisition | Cost, normal purchase price | Inventory number | Total Checkouts | Full call number | Barcode | Date last seen | Date last checked out | Cost, replacement price | Price effective from | Koha item type |
|---|---|---|---|---|---|---|---|---|---|---|---|---|---|---|---|---|---|---|
| CRC | Fr. Agnel's C.Rodrigues College of Engineering | Fr. Agnel's C.Rodrigues College of Engineering | 17/03/2023 | Educational books and periodicals | 226.88 | 140 dt 08/01/2009 | 1 | 532/KAP KAP | 19276 | 07/02/2024 | 15/01/2024 | 275.00 | BOOK | |||||
| CRC | Fr. Agnel's C.Rodrigues College of Engineering | Fr. Agnel's C.Rodrigues College of Engineering | 17/03/2023 | Educational books and periodicals | 226.88 | 140 dt 08/01/2009 | 532/KAP KAP | 19277 | 17/03/2023 | 275.00 | BOOK |